Music Quiz

Random Music or Lyrics Quiz
Score 0/25 Timer 06:00
0 Plays Today
% Correct
car door
84.5%
safety belt
84.2%
car keys
83.7%
window
83.5%
motor
82.5%
rear view mirrors
79.7%
speedometer
76.8%
back seat
75.8%
headlights
72.8%
clutch
69.5%
CB
62.3%
radio
62.2%
windscreen
53.5%
% Correct
tires
50.9%
bumper
50%
radiator grille
49.7%
steering wheel
46%
pistons
44.8%
rims
43.3%
muffler
41.3%
starter
39.4%
hub cap
38.7%
roll bar
38.4%
windshield wipers
37.6%
brakes
33.5%

You're not logged in!

Compare scores with friends on all Sporcle quizzes.
OR
Log In

Sporcle TV

Today on Sporcle TV


Watch our educational content, quiz creation guides, and fun videos on Sporcle TV.

Show Comments

Extras

Top Quizzes Today


Score Distribution

Paid Content

Your Account Isn't Verified!

In order to create a playlist on Sporcle, you need to verify the email address you used during registration. Go to your Sporcle Settings to finish the process.

Report this User

Report this user for behavior that violates our Community Guidelines.

Details: